00334nam a2200121Ia 450000500170000000800410001708200130005824500280007126000350009930000120013450000370014670000290018320250519015901.0240331s9999 xx 000 0 und d bBAYa305 0aBayen jeewath venne ayi aColombobSociety & Trustc1999 a68 p ., aA Book About why living in fear? aGama Arachchige,P. eedt